United States Flipped State outlines #2 - Statistics

General Stats
  • This quiz has been taken 30 times
  • The average score is 8 of 9
Answer Stats
Picture Answer % Correct
Tennessee
100%
Florida
96%
Idaho
96%
Michigan
96%
Kentucky
93%
Maine
89%
Maryland
89%
New Mexico
89%
Wisconsin
89%
No matching quizzes found
Score Distribution
Percent of People with Each Score
Percentile by Number Answered
Your Score History
You have not taken this quiz